000 01352naa a22003137a 4500
001 BR9404530
003 BR-BrBNA
005 20240918181229.0
007 ta
008 230509b bl.||||| |||| 00| 0 por d
040 _aBR-BrBNA
_bpor
_cBiblioteca Nacional de Agricultura
041 _a(Pt)
072 _aF08
_b3290
_b1100
090 _aF08 BR9404530
100 1 _aMarques, L.C.T.
100 1 _aYared, J.A.G.
100 1 _aFerreira, C.A.P.
111 1 _a2. Encontro Brasileiro de Economia e Planejamento Florestal
_cCuritiba, PR (Brazil)
_d30 Sep - 4 Oct 1991
245 1 _aUma alternativa agroflorestal para pequenos produtores agricolas em areas de terra-firme do municipio de Santarem, Para
260 3 _aColombo, PR (Brasil):
_c1992.
500 _a2. Encontro Brasileiro de Economia e Planejamento Florestal. Anais. V. 1: Sistemas agroflorestais no Brasil: aspectos tecnicos e economicos Colombo, PR (Brasil): 1992. p. 231-243 (BR9404530-AM)F08
650 _aQuaruba
650 _aFruta Tropical
650 _aConsorciacao de Cultura
650 _aPara
773 0 _t2. Encontro Brasileiro de Economia e Planejamento Florestal. Anais. V. 1: Sistemas agroflorestais no Brasil: aspectos tecnicos e economicos
_wF08 BR9404530
_gColombo, PR (Brasil), 1992. p. 231-243
909 _a202404
_bLucia
_c55
_dLucia Elande
942 _cAM
_2AGRIS
999 _c324243
_d324243